000 00660nam a2200241Ia 4500
003 OSt
005 20220918183916.0
006 a|||||r|||| 00| 0
007 ta
008 220917b |||||||| |||| 00| 0 eng d
024 _a42,377
037 _cTextual
040 _aARTS
_cARTS
_beng
041 _2eng
_aeng
082 _aO1511vJ, N2
100 _aBimalendra Kumar
_963885
245 0 _aGandhavamasa
_b a history of Pali literature
260 _aDelhi
_bEastern Book Linkers
_c1992
300 _axvi,47p.
_ccm.
650 _aENGLISH LITERATURE
942 _hO1511vJ, N2
_cTEXL
_2CC
999 _c174270
_d174270